| 000 | 00795cab a2200229 4500 | ||
|---|---|---|---|
| 001 | X3858 | ||
| 008 | 090401t1996 xxu||||| |||| 00| 0 eng d | ||
| 035 | _a(Sirsi) u33406 | ||
| 041 | _aeng | ||
| 245 | _aMayhew v Governors of the Free Grammar School of John Lyon | ||
| 260 | _c1996 | ||
| 350 | _a0 | ||
| 490 |
_aNew Property Cases _v[1996] NPC 176, (2) |
||
| 520 | _aCA 12 December 1996. A tenant is estopped from denying the validity of a landlords notice to terminate his tenancy despite the provisions of the Leasehold Reform Act 1967 s23(1). ARTICLE HEADING. NOT TO BE PHOTOCOPIED. | ||
| 650 | _aENTITLEMENT | ||
| 650 | _aFREEHOLD | ||
| 650 | _aLEASEHOLD REFORM ACT 1967 | ||
| 650 | _aNOTICE TO TERMINATE TENANCY | ||
| 690 | _aLAW-CASE LAW | ||
| 942 | _n0 | ||
| 948 | _c04/03/1997 | ||
| 999 |
_c22319 _d22319 |
||